000
00331nam a2200145Ia 4500
005
20251222144702.0
008
251222s9999||||xx |||||||||||||| ||spa||
020
_a
84-481-4809-6
082
_a
339/R81
100
_a
Romer, David
245
0
_a
MacroeconomÃa Avanzada
250
_a
3a.ed.
264
_b
McGraw-Hill
942
_c
LIB
999
_c
17498
_d
17498